000 00717nam a2200241 a 4500
001 72575
003 BD-RjUL
005 20211209082258.0
008 170521s1961 ja ab 000 0 eng
035 _a(BD-RjUL)72793
040 _aDLC
_cCarP
_dBD-RjUL
_beng
041 _aeng
082 _223
_a508.0959
_bNAT 1961
245 1 0 _aNature and life in Southeast Asia /
_cTatuo Kira and Tadao Umesao
260 _aJapan :
_cFauna and Flora,
_b1961.
300 _av. :
_bill. ;
_c26 cm.
505 _avol. 1 --
650 0 _aNatural history
_zSoutheast Asia.
_9214676
700 1 _aKira, Tatsuo,
_d1919-2011,
_eed.
_9214677
700 1 _aUmesao, Tadao,
_d1920-2010,
_eed.
_9214678
942 _2ddc
_cBK
999 _c72575
_d72575